Szeged-Algyő és Sándorfalva-Eperjes 10. századi népességének kraniológiai összefüggései az Alföldön

Elmentve itt :
Bibliográfiai részletek
Szerzők: Szathmáry László
Holló Gábor
Marcsik Antónia
Dokumentumtípus: Könyv része
Megjelent: Pázmány Péter Katolikus Egyetem BTK Budapest 2015
Sorozat:Régészeti és természettudományi adatok a Maros-torkolat nyugati oldalának 10. századi történetéhez
Tárgyszavak:
doi:10.55722/Arpad.Kiad.2015.4_09

mtmt:33284608
Online Access:http://publicatio.bibl.u-szeged.hu/26573
LEADER 01158naa a2200265 i 4500
001 publ26573
005 20230223085504.0
008 230223s2015 hu o 0|| Magyar d
020 |a 9789639911802 
024 7 |a 10.55722/Arpad.Kiad.2015.4_09  |2 doi 
024 7 |a 33284608  |2 mtmt 
040 |a SZTE Publicatio Repozitórium  |b hun 
041 |a Magyar 
100 1 |a Szathmáry László 
245 1 0 |a Szeged-Algyő és Sándorfalva-Eperjes 10. századi népességének kraniológiai összefüggései az Alföldön  |h [elektronikus dokumentum] /  |c  Szathmáry László 
260 |a Pázmány Péter Katolikus Egyetem BTK  |b Budapest  |c 2015 
300 |a 14 
300 |a 419-432 
490 0 |a Régészeti és természettudományi adatok a Maros-torkolat nyugati oldalának 10. századi történetéhez 
650 4 |a Biológiai tudományok 
650 4 |a Történettudomány és régészet 
700 0 1 |a Holló Gábor  |e aut 
700 0 1 |a Marcsik Antónia  |e aut 
856 4 0 |u http://publicatio.bibl.u-szeged.hu/26573/1/szathmary_et_al_2015.pdf  |z Dokumentum-elérés  
856 4 0 |u http://publicatio.bibl.u-szeged.hu/26573/7/33284608_c%C3%ADmlap_tartalom.pdf  |z Dokumentum-elérés